War stories (Record no. 65706)
[ view plain ]
| 000 -LEADER | |
|---|---|
| fixed length control field | 01422nam a2200337Ia 4500 |
| 082 04 - DEWEY DECIMAL CLASSIFICATION NUMBER | |
| Classification number | 947.000431 |
| 100 1# - MAIN ENTRY--AUTHOR NAME | |
| Personal name | Moeller, Robert G. |
| 245 10 - TITLE STATEMENT | |
| Title | War stories |
| 260 ## - PUBLICATION, DISTRIBUTION, ETC. (IMPRINT) | |
| Place of publication | London : |
| Name of publisher | University of California Press, |
| Year of publication | 2003. |
| 300 ## - PHYSICAL DESCRIPTION | |
| Number of Pages | xiii, 329 p., [28] p. of plates : |
| Other physical details | ill.,facsims. |
| 500 ## - GENERAL NOTE | |
| General note | Originally published: 2001. |
| 650 #0 - SUBJECT ADDED ENTRY--TOPICAL TERM | |
| Topical Term | Political refugees |
| Topical Term | World War, 1939-1945 |
| Topical Term | Population transfers |
| Topical Term | Germans |
| 856 40 - ELECTRONIC LOCATION AND ACCESS | |
| Uniform Resource Identifier | http://site.ebrary.com/lib/rucke/Doc?id=10053532 |
No items available.
